| 000 | 00389nam a2200133 a 4500 | ||
|---|---|---|---|
| 001 | 4733 | ||
| 003 | CDMR | ||
| 005 | 20130116135259.0 | ||
| 008 | 130130s2010||||||||||||||||||||||||||||d | ||
| 040 |
_aCDMR _bcat _cCDMR |
||
| 245 | 0 | _aGuia sobre el tractament de la diversitat cultural en els mitjans de comunicació | |
| 260 |
_aBarcelona _c2010 _bCol.legi de Periodistes de Catalunya |
||
| 942 | _cMON | ||
| 999 |
_c4733 _d4733 |
||